<?xml version="1.0" encoding="UTF-8"?>
<record
    xmlns:xsi="http://www.w3.org/2001/XMLSchema-instance"
    xsi:schemaLocation="http://www.loc.gov/MARC21/slim http://www.loc.gov/standards/marcxml/schema/MARC21slim.xsd"
    xmlns="http://www.loc.gov/MARC21/slim">

  <leader>02195    a2200205   4500</leader>
  <controlfield tag="001">46608</controlfield>
  <controlfield tag="005">20260407155736.0</controlfield>
  <controlfield tag="008">260407a1972    arg                 spa d</controlfield>
  <controlfield tag="003">AR-UNSa-BCEJYS</controlfield>
  <datafield tag="040" ind1=" " ind2=" ">
    <subfield code="a">AR-UNSa-BCEJYS</subfield>
    <subfield code="b">spa</subfield>
    <subfield code="c">AR-UNSa-BCEJYS</subfield>
  </datafield>
  <datafield tag="080" ind1=" " ind2=" ">
    <subfield code="a">347.72</subfield>
    <subfield code="x">Sociedades comerciales</subfield>
  </datafield>
  <datafield tag="245" ind1="1" ind2="0">
    <subfield code="a">Ley de Sociedades Comerciales N&#xBA; 19550</subfield>
  </datafield>
  <datafield tag="264" ind1=" " ind2="1">
    <subfield code="a">Buenos Aires :</subfield>
    <subfield code="b">Abeledo Perrot</subfield>
    <subfield code="c">1972</subfield>
  </datafield>
  <datafield tag="300" ind1=" " ind2=" ">
    <subfield code="a">183 p.</subfield>
    <subfield code="c">23 cm.</subfield>
  </datafield>
  <datafield tag="505" ind1=" " ind2=" ">
    <subfield code="a">1. Acciones &#x2013; 2. Administraci&#xF3;n y representaci&#xF3;n &#x2013; 3. Aporte &#x2013; 4. Asambleas &#x2013; 5. Asociaciones &#x2013; 6. Balance &#x2013; 7. Balance &#x2013; 8. Capital &#x2013; 9. Comisi&#xF3;n nacional de valores &#x2013; 10. Consejo de vigilancia &#x2013; 11. Contabilidad &#x2013; 12. Cuenta de ganancias y p&#xE9;rdidas &#x2013; 13. Debentures &#x2013; 14. Directorio &#x2013; 15. Disoluci&#xF3;n &#x2013; 16. Disposiciones de aplicaci&#xF3;n y transitorias &#x2013; 17. Dividendos &#x2013; 18. Escisi&#xF3;n &#x2013; 19. Exclusi&#xF3;n del socio &#x2013; 20. Fiscalizaci&#xF3;n &#x2013; 21. Fiscalizaci&#xF3;n estatal &#x2013; 22. Forma &#x2013; 23. Fundadores &#x2013; 24. Fusi&#xF3;n &#x2013; 25. Ganancias &#x2013; 26. Gerencia &#x2013; 27. Herederos &#x2013; 28. Inscripci&#xF3;n &#x2013; 29. Instrumento constitutivo &#x2013; 30. Intervenci&#xF3;n judicial &#x2013; 31. Legajo &#x2013; 32. Liquidaci&#xF3;n &#x2013; 33. Muerte del socio &#x2013; 34. Nulidad &#x2013; 35. Objeto social &#x2013; 36. Participaci&#xF3;n en otras sociedades &#x2013; 37. Procedimiento judicial &#x2013; 38. Promotores &#x2013; 39. Publicidad &#x2013; 40. S&#xED;ndico &#x2013; 41. Sociedad accidental o en participaci&#xF3;n &#x2013; 42. Sociedad an&#xF3;nima &#x2013; 43. Sociedad an&#xF3;nima con participaci&#xF3;n estatal mayoritaria &#x2013; 44. Sociedad colectiva &#x2013; 45. Sociedad comercial &#x2013; 46. Sociedad constituida en el extranjero &#x2013; 47. Sociedad controlada &#x2013; 48. Sociedad de capital e industria &#x2013; 49. Sociedad de responsabilidad limitada &#x2013; 50. Sociedad en comandita por acciones &#x2013; 51. Sociedad en comandita simple &#x2013; 52. Sociedad irregular y de hecho &#x2013; 53. Sociedades vinculadas &#x2013; 54. Socios &#x2013; 55. Receso &#x2013; 56. Registro nacional de sociedades por acciones &#x2013; 57. Reglamento &#x2013; 58. Reservas &#x2013; 59. Resoluci&#xF3;n parcial &#x2013; 60. Transformaci&#xF3;n &#x2013; 61. Tipicidad &#x2013;  </subfield>
  </datafield>
  <datafield tag="942" ind1=" " ind2=" ">
    <subfield code="c">BK</subfield>
  </datafield>
  <datafield tag="590" ind1=" " ind2=" ">
    <subfield code="a">niveau_biblio:m niveau_hierar:0</subfield>
  </datafield>
  <datafield tag="100" ind1="1" ind2=" ">
    <subfield code="a">Leg&#xF3;n, Fernando A.</subfield>
  </datafield>
  <datafield tag="700" ind1="1" ind2=" ">
    <subfield code="a">Argentina [Leyes, etc.]</subfield>
  </datafield>
  <datafield tag="999" ind1=" " ind2=" ">
    <subfield code="c">4219</subfield>
    <subfield code="d">4219</subfield>
  </datafield>
  <datafield tag="952" ind1=" " ind2=" ">
    <subfield code="0">0</subfield>
    <subfield code="1">0</subfield>
    <subfield code="4">0</subfield>
    <subfield code="7">0</subfield>
    <subfield code="a">BCEJYS</subfield>
    <subfield code="b">BCEJYS</subfield>
    <subfield code="c">16</subfield>
    <subfield code="d">2026-04-07</subfield>
    <subfield code="l">0</subfield>
    <subfield code="o">347.72 L516</subfield>
    <subfield code="p">L87244</subfield>
    <subfield code="r">2026-04-07 15:57:36</subfield>
    <subfield code="w">2026-04-07</subfield>
    <subfield code="y">L</subfield>
  </datafield>
  <datafield tag="952" ind1=" " ind2=" ">
    <subfield code="0">0</subfield>
    <subfield code="1">0</subfield>
    <subfield code="4">0</subfield>
    <subfield code="7">0</subfield>
    <subfield code="a">BCEJYS</subfield>
    <subfield code="b">BCEJYS</subfield>
    <subfield code="c">16</subfield>
    <subfield code="d">2026-04-07</subfield>
    <subfield code="l">0</subfield>
    <subfield code="o">347.72 L516</subfield>
    <subfield code="p">L23959</subfield>
    <subfield code="r">2026-04-07 15:57:36</subfield>
    <subfield code="w">2026-04-07</subfield>
    <subfield code="y">L</subfield>
  </datafield>
</record>
